|
|
|
|
| LEADER |
00598cam a2200205ua 4500 |
| 008 |
070724t2002||||||||||| 00 ||mal c |
| 020 |
|
|
|a 81-7180-912-X
|
| 041 |
0 |
|
|a mal
|
| 082 |
|
|
|a M894.812 3
|b KRI/D
|
| 100 |
0 |
|
|a Krishnankutty,, Sreekrishnapuram
|
| 245 |
1 |
0 |
|a Daivathinte komali /
|
| 250 |
|
|
|a 1
|
| 260 |
|
|
|a Kozhikode:
|b Poorna,
|c 2002.
|
| 300 |
|
|
|a 76p..
|
| 362 |
1 |
|
|a 2002.
|
| 365 |
|
|
|e PB
|
| 650 |
0 |
|
|a Malayalam- stories
|
| 942 |
|
|
|c BK
|
| 999 |
|
|
|c 15711
|d 15711
|
| 952 |
|
|
|0 0
|1 0
|4 0
|6 M_894_812000000000000_3_KRI
|7 0
|9 16380
|a KUCL
|b KUCL
|d 2014-05-23
|l 0
|o M894.812 3 KRI/
|p 09701
|r 2014-05-23
|w 2014-05-23
|y BK
|